El tratamiento de la distribución de utilidades en efectivo o en especie (Registro nro. 19978)

Detalles MARC
000 -LEADER
fixed length control field 00347 a2200109 4500
001 - CONTROL NUMBER
control field ART_41588
005 - DATE AND TIME OF LATEST TRANSACTION
control field 20260410161754.0
008 - FIXED-LENGTH DATA ELEMENTS--GENERAL INFORMATION
fixed length control field 260409a
100 1# - MAIN ENTRY--PERSONAL NAME
Personal name Volman, Mario
245 10 - TITLE STATEMENT
Title El tratamiento de la distribución de utilidades en efectivo o en especie
773 0# - HOST ITEM ENTRY
Title Doctrina tributaria
Related parts - Nº 379 (oct. 2011)
Record control number REV4296

No hay ítems disponibles.